| 000 | 00676cam a22002173a 4500 | ||
|---|---|---|---|
| 001 | 43609 | ||
| 003 | PGUSA | ||
| 005 | 20140828084006.0 | ||
| 008 | 130831s2013||||xxu|||||s|||||000 | eng d | ||
| 040 |
_aPGUSA _beng |
||
| 042 | _adc | ||
| 100 | 1 |
_aMansfield, M. F. _q(Milburg Francisco), _d1871- |
|
| 245 | 1 | 0 |
_aCastles and Chateaux of Old Navarre and the Basque Provinces _h[electronic resource] / _cM. F. Mansfield |
| 260 |
_bProject Gutenberg, _c2013 |
||
| 506 | _aPublic domain in the USA. | ||
| 516 | _aElectronic text | ||
| 700 | 1 |
_aMcManus, Blanche, _d1869-1935 |
|
| 830 | 0 |
_aProject Gutenberg _v43609 |
|
| 856 | 4 | 0 | _uhttp://www.gutenberg.org/ebooks/43609 |
| 942 | _cEB | ||
| 999 |
_c272860 _d272860 |
||